skbl

Dr Suryya Kumar Bhuyan Library Web-OPAC
ডঃ সূৰ্য্য
কুমাৰ ভূঞা পুথিভঁৰাল ৱেব-অ'পেক

All Research Scholars are advised to clear the annual library fees to continue using Library Resources, Remote Access, Plagiarism Test and Library Clearance.

Cotton University Book Fair 2026

laboratory Manual of Microbiology, Biochemistry,and Molecular Biology (Record no. 59558)

MARC details
000 -LEADER
fixed length control field 00515nam a2200169Ia 4500
001 - CONTROL NUMBER
control field 59682
008 - FIXED-LENGTH DATA ELEMENTS--GENERAL INFORMATION
fixed length control field 160407n ii |||gr||||Z||||||465
020 ## - INTERNATIONAL STANDARD BOOK NUMBER
International Standard Book Number 978-81-7233-766-7
082 ## - DEWEY DECIMAL CLASSIFICATION NUMBER
Classification number 576
100 ## - MAIN ENTRY--PERSONAL NAME
Personal name Saxena ,
Relator term Jyoti .,
245 #0 - TITLE STATEMENT
Title laboratory Manual of Microbiology, Biochemistry,and Molecular Biology
Statement of responsibility, etc. Jyoti Saxena , Mamta Baunthiyal , Indu Ravi
Medium Textual Documents
260 ## - PUBLICATION, DISTRIBUTION, ETC.
Place of publication, distribution, etc. India
Name of publisher, distributor, etc. Scinetific Publishers
300 ## - PHYSICAL DESCRIPTION
Extent 380p:
Dimensions 24cm.
653 ## - INDEX TERM--UNCONTROLLED
Uncontrolled term Genetics
653 ## - INDEX TERM--UNCONTROLLED
Uncontrolled term G - Genetics
942 ## - ADDED ENTRY ELEMENTS (KOHA)
Source of classification or shelving scheme Dewey Decimal Classification
Koha item type Books
Holdings
Withdrawn status Lost status Damaged status Not for loan Collection Home library Current library Shelving location Date acquired Coded location qualifier Cost, normal purchase price Total checkouts Full call number Barcode Date last seen Copy number Price effective from Koha item type
          Dr. Suryya Kumar Bhuyan Library Dr. Suryya Kumar Bhuyan Library   07/04/2016 00000 1750.00   576 Sa97La 3375/EL 14/01/2024 1 07/04/2016 Books

Designed and Maintained by Team SKBL
©1901-2026

Powered by Koha